[Event "Sofia MGU op 212th"]
[Site "Sofia"]
[Date "2018.04.28"]
[Round "2"]
[White "Mladenov, Andrey"]
[Black "Dimova, Mariya"]
[Result "1-0"]
[WhiteElo "1552"]
[BlackElo "1434"]
[PlyCount "75"]
[EventDate "2018.04.28"]
[EventType "swiss"]
[EventRounds "6"]
[EventCountry "BUL"]
[SourceTitle "CBM 184 Extra"]
[Source "ChessBase"]
[SourceDate "2018.06.28"]
[SourceVersion "1"]
[SourceVersionDate "2018.06.28"]
[SourceQuality "1"]

1. e4 e6 2. d4 d5 3. Nc3 Bb4 4. e5 c5 5. a3 Bxc3+ 6. bxc3 c4 7. Qg4 g6 8. Nf3 Nc6 9. h4 Qa5 10. Bd2 Bd7 11. h5 Nge7 12. hxg6 Nxg6 13. Qg5 Nge7 14. Qg7 0-0-0 15. Rxh7 Rxh7 16. Qxh7 Rf8 17. Qg7 Qd8 18. Ng5 Nf5 19. Qf6 Qe8 20. Be2 Nd8 21. 0-0-0 Rh8 22. Nh3 Qf8 23. Kb2 Rg8 24. Nf4 a5 25. g4 Ne7 26. Rh1 b5 27. Rh7 Ng6 28. Nxg6 Rxg6 29. Qh4 Kb7 30. Rh8 Rg8 31. Rxg8 Qxg8 32. Qe7 Qe8 33. Qd6 Nc6 34. Bg5 b4 35. axb4 axb4 36. cxb4 Nxd4 37. Bd1 Qc8 38. Be3 1-0

[Event "Sofia MGU rapid 7th"]
[Site "Sofia"]
[Date "2018.03.25"]
[Round "6"]
[White "Mladenov, Andrey"]
[Black "Ferdov, Stavri"]
[Result "0-1"]
[WhiteElo "1585"]
[BlackElo "1740"]
[PlyCount "34"]
[EventDate "2018.03.25"]
[EventType "swiss (rapid)"]
[EventRounds "8"]
[EventCountry "BUL"]
[SourceTitle "CBM 183 Extra"]
[Source "ChessBase"]
[SourceDate "2018.04.19"]
[SourceVersion "1"]
[SourceVersionDate "2018.04.19"]
[SourceQuality "1"]

1. e4 c6 2. d4 d5 3. exd5 cxd5 4. Nf3 Nf6 5. c3 Nc6 6. Bd3 Bg4 7. 0-0 e6 8. h3 Bh5 9. g4 Bg6 10. Bxg6 hxg6 11. Kg2 Ne4 12. Nbd2 Qf6 13. Qc2 Nxd2 14. Bxd2 Rxh3 15. Kxh3 Qxf3+ 16. Kh2 Bd6+ 17. Kg1 Qxg4+ 0-1

[Event "Sofia MGU rapid 7th"]
[Site "Sofia"]
[Date "2018.03.25"]
[Round "4"]
[White "Mladenov, Andrey"]
[Black "Mitic, Milan"]
[Result "1-0"]
[WhiteElo "1585"]
[BlackElo "2128"]
[PlyCount "93"]
[EventDate "2018.03.25"]
[EventType "swiss (rapid)"]
[EventRounds "8"]
[EventCountry "BUL"]
[SourceTitle "CBM 183 Extra"]
[Source "ChessBase"]
[SourceDate "2018.04.19"]
[SourceVersion "1"]
[SourceVersionDate "2018.04.19"]
[SourceQuality "1"]

1. e4 c6 2. d4 d5 3. exd5 cxd5 4. Nf3 Nf6 5. Bd3 Nc6 6. c3 Bg4 7. 0-0 e6 8. h3 Bh5 9. Bf4 Bd6 10. Bxd6 Qxd6 11. Nbd2 0-0 12. Re1 a6 13. Nf1 b5 14. a3 Rfb8 15. Ng3 Bg6 16. Bxg6 hxg6 17. Ne5 Nd7 18. Nxd7 Qxd7 19. Qg4 Ne7 20. Nf1 a5 21. Nh2 b4 22. axb4 axb4 23. cxb4 Qd6 24. b5 Qb4 25. Qe2 Rxa1 26. Rxa1 Qxb5 27. Qxb5 Rxb5 28. Ra8+ Kh7 29. Ra7 Nf5 30. Nf3 f6 31. Ra6 Rxb2 32. Rxe6 Rb4 33. Re8 Nxd4 34. Nxd4 Rxd4 35. Kf1 Kh6 36. Ke2 Re4+ 37. Rxe4 dxe4 38. Ke3 f5 39. Kf4 Kh5 40. g3 Kh6 41. g4 fxg4 42. hxg4 g5+ 43. Kxe4 Kg6 44. Ke5 Kf7 45. Kf5 g6+ 46. Kxg5 Kg7 47. f4 1-0

[Event "Sofia MGU blitz 24th"]
[Site "Sofia"]
[Date "2018.03.17"]
[Round "7"]
[White "Dimova, Mariya"]
[Black "Mladenov, Andrey"]
[Result "0-1"]
[WhiteElo "1434"]
[BlackElo "1595"]
[PlyCount "114"]
[EventDate "2018.03.17"]
[EventType "tourn (blitz)"]
[EventRounds "14"]
[EventCountry "BUL"]
[SourceTitle "CBM 183 Extra"]
[Source "ChessBase"]
[SourceDate "2018.04.19"]
[SourceVersion "1"]
[SourceVersionDate "2018.04.19"]
[SourceQuality "1"]

1. e3 e6 2. d3 d5 3. Be2 Nf6 4. Bd2 Be7 5. Nf3 0-0 6. Nc3 c5 7. 0-0 Nc6 8. Re1 e5 9. e4 d4 10. Nb1 Bg4 11. h3 Bxf3 12. Bxf3 Qd7 13. Bg5 b5 14. Nd2 Rac8 15. Bxf6 Bxf6 16. Bg4 Qd6 17. Bxc8 Rxc8 18. Qg4 Rd8 19. Nf3 g6 20. h4 Nb4 21. Rac1 Nxa2 22. Ra1 Nb4 23. Rxa7 Qb6 24. Ra3 Nxc2 25. Raa1 Nxe1 26. Rxe1 c4 27. h5 Bg7 28. h6 Bh8 29. Qg5 cxd3 30. Nxe5 f6 31. Nd7 Rxd7 32. Qd2 Qc6 33. Rc1 Qxe4 34. Rc8+ Kf7 35. Rxh8 g5 36. Rxh7+ Qxh7 37. Qb4 Qxh6 38. Qb3+ Kg6 39. Qxd3+ f5 40. Qxb5 Rd6 41. Qe8+ Kf6 42. Qe2 Re6 43. Qd2 f4 44. f3 Qh4 45. Qxd4+ Kg6 46. Qd3+ Kh5 47. Qh7+ Rh6 48. Qf5 Qe1+ 49. Kh2 Qg3+ 50. Kg1 Rg6 51. Qh3+ Qxh3 52. gxh3 Kh4 53. Kh2 Rd6 54. b4 Rd2+ 55. Kg1 Kxh3 56. b5 Kg3 57. b6 Rd1# 0-1

[Event "Sofia MGU blitz 22nd"]
[Site "Sofia"]
[Date "2018.03.03"]
[Round "7"]
[White "Mladenov, Andrey"]
[Black "Mihalev, Daniil"]
[Result "0-1"]
[WhiteElo "1595"]
[BlackElo "1693"]
[PlyCount "118"]
[EventDate "2018.03.03"]
[EventType "tourn (blitz)"]
[EventRounds "14"]
[EventCountry "BUL"]
[SourceTitle "EXT 2021"]
[Source "ChessBase"]
[SourceDate "2020.10.23"]
[SourceVersion "1"]
[SourceVersionDate "2020.10.23"]
[SourceQuality "1"]

1. e4 c5 2. Nf3 Nc6 3. d4 cxd4 4. Nxd4 Nf6 5. Nc3 g6 6. Be2 Bg7 7. Be3 0-0 8. 0-0 Nxd4 9. Bxd4 d6 10. Be3 Bd7 11. Qd2 Bc6 12. f3 a5 13. Rad1 Nd7 14. b3 Rc8 15. Bd4 Bxd4+ 16. Qxd4 Qb6 17. Qxb6 Nxb6 18. Rd2 Rfd8 19. Nd1 f6 20. Ne3 Kf7 21. Rfd1 Bd7 22. Nd5 Nxd5 23. exd5 b5 24. c4 b4 25. f4 a4 26. g3 axb3 27. axb3 Ra8 28. Rb2 Ra3 29. Rd3 Bf5 30. Re3 Rd7 31. Kf2 h5 32. Bd3 Bxd3 33. Rxd3 Rc7 34. Re3 Rca7 35. Kf3 Ke8 36. Rbe2 Kd8 37. g4 hxg4+ 38. Kxg4 Rb7 39. h4 Ra1 40. Rg2 Rh1 41. Rh3 Rxh3 42. Kxh3 Ra7 43. Rxg6 Ra3 44. Rg3 Ke8 45. h5 Ra1 46. Kg4 Kf7 47. Kf5 Rh1 48. Kg4 f5+ 49. Kg5 Kg7 50. Kxf5+ Kf7 51. Rg5 Rh3 52. h6 Rxh6 53. Kg4 Rh1 54. f5 Rb1 55. Rg6 Rxb3 56. Kg5 Rg3+ 57. Kh6 Rxg6+ 58. fxg6+ Kg8 59. Kg5 b3 0-1

[Event "Sofia MGU op 207th"]
[Site "Sofia"]
[Date "2018.02.25"]
[Round "4"]
[White "Mavrodiev, Slav Valeriev"]
[Black "Mladenov, Andrey"]
[Result "0-1"]
[WhiteElo "1477"]
[BlackElo "1552"]
[PlyCount "60"]
[EventDate "2018.02.24"]
[EventType "swiss"]
[EventRounds "6"]
[EventCountry "BUL"]
[SourceTitle "CBM 183 Extra"]
[Source "ChessBase"]
[SourceDate "2018.04.19"]
[SourceVersion "1"]
[SourceVersionDate "2018.04.19"]
[SourceQuality "1"]

1. e4 c5 2. Nf3 Nc6 3. d4 cxd4 4. Nxd4 Nf6 5. Nc3 e5 6. Nxc6 bxc6 7. a3 Be7 8. Be2 0-0 9. 0-0 d6 10. Kh1 Be6 11. f4 exf4 12. Bxf4 Qc7 13. Bf3 Rad8 14. Qe2 Nd7 15. b3 Bf6 16. Qd3 Ne5 17. Qe3 Rfe8 18. Rad1 Nxf3 19. gxf3 Qa5 20. Na4 d5 21. Qc5 Qa6 22. Be3 dxe4 23. fxe4 Rxd1 24. Rxd1 Qe2 25. Rd2 Qe1+ 26. Kg2 Qh4 27. Qxc6 Bh3+ 28. Kf3 Qg4+ 29. Kf2 Qg2+ 30. Ke1 Qf1# 0-1

[Event "Sofia MGU op 206th"]
[Site "Sofia"]
[Date "2018.02.17"]
[Round "2"]
[White "Tenev, Bogdan"]
[Black "Mladenov, Andrey"]
[Result "1/2-1/2"]
[WhiteElo "1452"]
[BlackElo "1552"]
[PlyCount "60"]
[EventDate "2018.02.17"]
[EventType "tourn"]
[EventRounds "5"]
[EventCountry "BUL"]
[SourceTitle "CBM 182 Extra"]
[Source "ChessBase"]
[SourceDate "2018.02.23"]
[SourceVersion "1"]
[SourceVersionDate "2018.02.23"]
[SourceQuality "1"]

1. e4 c5 2. Nf3 Nc6 3. d4 cxd4 4. Nxd4 Nf6 5. Nc3 e5 6. Nxc6 bxc6 7. Be2 Bb4 8. f3 0-0 9. Bd2 d6 10. 0-0 Be6 11. a3 Bc5+ 12. Kh1 Nh5 13. Na4 Qh4 14. Be1 Qe7 15. Nxc5 dxc5 16. Qd2 Rfd8 17. Qc3 Nf4 18. Rf2 Rd4 19. Bd2 Rad8 20. Bxf4 exf4 21. Rff1 c4 22. Rad1 c5 23. b4 cxb3 24. cxb3 Rxd1 25. Rxd1 Rxd1+ 26. Bxd1 Qd6 27. Be2 h6 28. h3 a5 29. Kh2 Qb6 30. Bc4 Bxc4 1/2-1/2

[Event "Sofia MGU op 202nd"]
[Site "Sofia"]
[Date "2018.01.13"]
[Round "3"]
[White "Metev, Martin"]
[Black "Mladenov, Andrey"]
[Result "1-0"]
[WhiteElo "1892"]
[BlackElo "1552"]
[PlyCount "87"]
[EventDate "2018.01.13"]
[EventType "swiss"]
[EventRounds "6"]
[EventCountry "BUL"]
[SourceTitle "CBM 182 Extra"]
[Source "ChessBase"]
[SourceDate "2018.02.23"]
[SourceVersion "1"]
[SourceVersionDate "2018.02.23"]
[SourceQuality "1"]

1. e4 c5 2. Nf3 Nc6 3. d4 cxd4 4. Nxd4 Nf6 5. Nc3 e5 6. Ndb5 d6 7. Bg5 a6 8. Na3 b5 9. Nd5 Be7 10. Nxe7 Nxe7 11. Bxf6 gxf6 12. Qd2 Bb7 13. f3 Qb6 14. c4 b4 15. Nc2 a5 16. Ne3 0-0 17. g4 Qc5 18. h4 Kh8 19. 0-0-0 Rad8 20. Kb1 a4 21. Nf5 Nxf5 22. gxf5 a3 23. b3 Kg7 24. Be2 Rh8 25. Rhg1+ Kf8 26. Rg2 Ke7 27. Rdg1 h6 28. Rg7 Qf2 29. R7g2 Qxh4 30. Qxb4 Rd7 31. Qxa3 Ra8 32. Qc1 Bc6 33. Rh1 Bxe4+ 34. Kb2 Rxa2+ 35. Kxa2 Bb1+ 36. Kxb1 Qd4 37. Qb2 Qe3 38. Rd1 Rb7 39. Rd3 Qf4 40. Rg1 h5 41. Rgd1 h4 42. Rxd6 h3 43. Rd8 Qe3 44. Qa3+ 1-0

[Event "Sofia MGU op 200th"]
[Site "Sofia"]
[Date "2017.12.31"]
[Round "5"]
[White "Ivanov, Plamen Iv"]
[Black "Mladenov, Andrey"]
[Result "0-1"]
[WhiteElo "1884"]
[BlackElo "1552"]
[PlyCount "84"]
[EventDate "2017.12.30"]
[EventType "swiss"]
[EventRounds "6"]
[EventCountry "BUL"]
[SourceTitle "CBM 182 Extra"]
[Source "ChessBase"]
[SourceDate "2018.02.23"]
[SourceVersion "1"]
[SourceVersionDate "2018.02.23"]
[SourceQuality "1"]

1. e4 c5 2. Nf3 Nc6 3. d4 cxd4 4. Nxd4 Nf6 5. Nc3 e5 6. Nb3 Bb4 7. Bd3 d5 8. exd5 Nxd5 9. Bd2 Nxc3 10. bxc3 Be7 11. 0-0 0-0 12. Qe2 a5 13. a4 f5 14. Bc4+ Kh8 15. f4 e4 16. Rfd1 Qc7 17. Be3 b6 18. Rab1 Bf6 19. Nd4 Nxd4 20. cxd4 Bb7 21. Rd2 Rac8 22. Ba2 Be7 23. c4 Bb4 24. Rc2 Rf6 25. c5 bxc5 26. dxc5 Ba6 27. Bc4 Bxc4 28. Rxc4 Qc6 29. Qc2 Rd8 30. Bd4 Rff8 31. Qb2 Rg8 32. Rd1 Rd7 33. Qc2 Rgd8 34. Qb2 h6 35. Bxg7+ Kh7 36. Rxd7 Rxd7 37. Qf6 Rd1+ 38. Kf2 e3+ 39. Kxe3 Qe8+ 40. Kf3 Rd3+ 41. Kf2 Rd1 42. Kf3 Qe1 0-1

[Event "Sofia MGU op 200th"]
[Site "Sofia"]
[Date "2017.12.30"]
[Round "3"]
[White "Kostov, Nikolai"]
[Black "Mladenov, Andrey"]
[Result "1-0"]
[WhiteElo "1631"]
[BlackElo "1552"]
[PlyCount "69"]
[EventDate "2017.12.30"]
[EventType "swiss"]
[EventRounds "6"]
[EventCountry "BUL"]
[SourceTitle "CBM 182 Extra"]
[Source "ChessBase"]
[SourceDate "2018.02.23"]
[SourceVersion "1"]
[SourceVersionDate "2018.02.23"]
[SourceQuality "1"]

1. d4 d5 2. e3 e6 3. f4 Nf6 4. Nf3 g6 5. Bd3 Bg7 6. 0-0 0-0 7. Nbd2 Nbd7 8. b3 c5 9. c3 b6 10. Ba3 Re8 11. Ne5 Qc7 12. Qf3 Bb7 13. Rac1 a5 14. Bb5 Ba6 15. Bxa6 Rxa6 16. Qe2 Rea8 17. g4 Ne8 18. g5 Nd6 19. Qg2 Nf5 20. Qh3 Nxe5 21. fxe5 a4 22. b4 c4 23. e4 dxe4 24. Nxe4 b5 25. Nf6+ Bxf6 26. gxf6 h5 27. Rce1 Rd8 28. Bc1 Rd5 29. a3 Kh7 30. Rf2 Ra8 31. Rg2 Rg8 32. Rg5 Nh6 33. Re4 Rdd8 34. Qe3 Nf5 35. Rxf5 1-0

[Event "Sofia MGU op 197th"]
[Site "Sofia"]
[Date "2017.11.26"]
[Round "5"]
[White "Georgiev, Nikolay"]
[Black "Mladenov, Andrey"]
[Result "1-0"]
[WhiteElo "1588"]
[BlackElo "1552"]
[PlyCount "53"]
[EventDate "2017.11.25"]
[EventType "swiss"]
[EventRounds "6"]
[EventCountry "BUL"]
[SourceTitle "CBM 181 Extra"]
[Source "ChessBase"]
[SourceDate "2017.12.12"]
[SourceVersion "1"]
[SourceVersionDate "2017.12.12"]
[SourceQuality "1"]

1. e4 c5 2. Nc3 Nc6 3. Bc4 d6 4. a3 Nf6 5. Ba2 g6 6. d3 Bg7 7. Bg5 0-0 8. Qd2 Nd4 9. Nd5 Nxd5 10. Bxd5 Ne6 11. Bxe6 Bxe6 12. c3 b5 13. Ne2 a5 14. 0-0 Bd7 15. Bh6 Bc6 16. Bxg7 Kxg7 17. Ng3 e6 18. d4 c4 19. Qf4 f5 20. e5 g5 21. Qe3 f4 22. Nh5+ Kh6 23. Qh3 Kg6 24. Nf6 Qe7 25. Qh5+ Kf5 26. g4+ fxg3 27. fxg3+ 1-0

[Event "Sofia MGU blitz 10th"]
[Site "Sofia"]
[Date "2017.11.25"]
[Round "7"]
[White "Georgiev, Nikolay Zh"]
[Black "Mladenov, Andrey"]
[Result "1-0"]
[WhiteElo "1588"]
[BlackElo "1595"]
[PlyCount "101"]
[EventDate "2017.11.25"]
[EventType "tourn (blitz)"]
[EventRounds "18"]
[EventCountry "BUL"]
[SourceTitle "EXT 2019"]
[Source "ChessBase"]
[SourceDate "2018.10.10"]
[SourceVersion "1"]
[SourceVersionDate "2018.10.10"]
[SourceQuality "1"]

1. e4 e5 2. Nc3 Nf6 3. d4 exd4 4. Qxd4 Nc6 5. Qe3 Nb4 6. Bd3 Nxd3+ 7. Qxd3 d6 8. Be3 Be7 9. f3 0-0 10. 0-0-0 a5 11. g4 Bd7 12. Nge2 Bc6 13. Ng3 g6 14. g5 Nd7 15. h4 Ne5 16. Qe2 b5 17. f4 Nc4 18. Bd4 Bd7 19. h5 Qc8 20. hxg6 fxg6 21. Qh2 Rf7 22. Rdf1 c5 23. Bf2 Bc6 24. Nd5 Bxd5 25. exd5 Bf8 26. Be1 Bg7 27. c3 Qe8 28. Qxh7+ Kf8 29. Bd2 Nxd2 30. Kxd2 Qe7 31. Qxg6 Re8 32. Re1 Qd7 33. Rxe8+ Qxe8 34. Re1 Qd7 35. Qe6 Qxe6 36. dxe6 Rxf4 37. e7+ Ke8 38. Nh5 Rf7 39. Nf6+ Bxf6 40. gxf6 Rxf6 41. a4 b4 42. cxb4 cxb4 43. Kd3 Rf7 44. Kc4 Rxe7 45. Rxe7+ Kxe7 46. Kb5 d5 47. Kxa5 d4 48. Kxb4 Kd6 49. Kc4 Ke5 50. Kd3 Kd5 51. b4 1-0

[Event "Sofia MGU op 197th"]
[Site "Sofia"]
[Date "2017.11.25"]
[Round "3"]
[White "Mladenov, Andrey"]
[Black "Andreev, Dobrotich"]
[Result "1-0"]
[WhiteElo "1552"]
[BlackElo "1829"]
[PlyCount "117"]
[EventDate "2017.11.25"]
[EventType "swiss"]
[EventRounds "6"]
[EventCountry "BUL"]
[SourceTitle "CBM 181 Extra"]
[Source "ChessBase"]
[SourceDate "2017.12.12"]
[SourceVersion "1"]
[SourceVersionDate "2017.12.12"]
[SourceQuality "1"]

1. e4 c6 2. d4 d5 3. exd5 cxd5 4. Nf3 Nc6 5. c3 Bg4 6. Bd3 Bxf3 7. Qxf3 e6 8. 0-0 Qf6 9. Qg3 Qe7 10. Bf4 Nf6 11. Qf3 Qd7 12. Nd2 Bd6 13. Bxd6 Qxd6 14. Rfe1 Ne7 15. Nf1 0-0 16. Ng3 Ng6 17. Nh5 Nxh5 18. Qxh5 Qf4 19. Re3 Qh6 20. Qxh6 gxh6 21. Bf1 Rfc8 22. g3 Rc7 23. a4 a5 24. Bg2 Ne7 25. f4 Nf5 26. Re5 Nd6 27. f5 Nxf5 28. Bxd5 Nxd4 29. cxd4 exd5 30. Rxd5 Re8 31. Rf1 Rc2 32. Rd7 Ree2 33. Rfxf7 Re1+ 34. Rf1 Rxf1+ 35. Kxf1 Rxb2 36. Kg1 b6 37. d5 Rb4 38. Rb7 Kf8 39. d6 Ke8 40. Rxh7 Rxa4 41. Rxh6 Kd7 42. Kf2 Ra3 43. g4 a4 44. g5 Rc3 45. g6 Rc8 46. Rh4 b5 47. Rb4 Kc6 48. h4 Kc5 49. d7 Rd8 50. Rg4 a3 51. g7 a2 52. g8Q a1Q 53. Qxd8 Qa2+ 54. Ke3 Qe6+ 55. Re4 Qh3+ 56. Kf4 Qh2+ 57. Kg5 Qd2+ 58. Kh5 Qd1+ 59. Rg4 1-0

[Event "Sofia MGU rapid 5th"]
[Site "Sofia"]
[Date "2017.11.18"]
[Round "1"]
[White "Metev, Martin"]
[Black "Mladenov, Andrey"]
[Result "1-0"]
[WhiteElo "1976"]
[BlackElo "1585"]
[PlyCount "63"]
[EventDate "2017.11.18"]
[EventType "swiss (rapid)"]
[EventRounds "6"]
[EventCountry "BUL"]
[SourceTitle "EXT 2019"]
[Source "ChessBase"]
[SourceDate "2018.10.10"]
[SourceVersion "1"]
[SourceVersionDate "2018.10.10"]
[SourceQuality "1"]

1. e4 c5 2. Nf3 Nc6 3. c4 d6 4. d3 Nf6 5. Nc3 g6 6. g3 Bg7 7. Be3 0-0 8. Qd2 a6 9. Bh6 Rb8 10. Bxg7 Kxg7 11. h4 h5 12. Nd5 Nxd5 13. cxd5 Na7 14. Be2 Bg4 15. Nh2 Bd7 16. g4 hxg4 17. Nxg4 Bxg4 18. Bxg4 Nb5 19. h5 Rh8 20. 0-0-0 Nd4 21. f4 b5 22. f5 gxf5 23. Bxf5 Kf8 24. Rdf1 b4 25. b3 Qa5 26. Be6 f6 27. Qg5 Qxa2 28. Rxf6+ Ke8 29. Bf7+ Kd8 30. Rxd6+ Kc7 31. Qxe7+ Kc8 32. Qd7# 1-0

[Event "Sofia MGU op 195th"]
[Site "Sofia"]
[Date "2017.11.04"]
[Round "1"]
[White "Mladenov, Andrey"]
[Black "Ivanov, Daniel"]
[Result "0-1"]
[WhiteElo "1552"]
[BlackElo "1758"]
[PlyCount "52"]
[EventDate "2017.11.04"]
[EventType "swiss"]
[EventRounds "6"]
[EventCountry "BUL"]
[SourceTitle "CBM 181 Extra"]
[Source "ChessBase"]
[SourceDate "2017.12.12"]
[SourceVersion "1"]
[SourceVersionDate "2017.12.12"]
[SourceQuality "1"]

1. e4 e6 2. d4 b6 3. Nf3 Bb7 4. Bd3 d5 5. e5 Nd7 6. 0-0 c5 7. c3 Rc8 8. Bg5 Be7 9. Bxe7 Nxe7 10. Na3 c4 11. Bc2 Bc6 12. Ng5 h6 13. Qh5 g6 14. Qh4 Nf5 15. Bxf5 Qxg5 16. Qxg5 hxg5 17. Bc2 Ke7 18. g3 Rh6 19. Kg2 Rch8 20. Rh1 Rh3 21. Nb1 g4 22. Nd2 g5 23. Nf1 f6 24. exf6+ Nxf6 25. Ne3 e5 26. dxe5 d4+ 0-1

[Event "Sofia MGU op 194th"]
[Site "Sofia"]
[Date "2017.10.28"]
[Round "3.3"]
[White "Mladenov, Andrey"]
[Black "Ivanov, Daniel"]
[Result "1-0"]
[WhiteElo "1593"]
[BlackElo "1758"]
[PlyCount "116"]
[EventDate "2017.10.28"]
[EventType "swiss"]
[EventRounds "6"]
[EventCountry "BUL"]
[SourceTitle "CBM 181 Extra"]
[Source "ChessBase"]
[SourceDate "2017.12.12"]
[SourceVersion "1"]
[SourceVersionDate "2017.12.12"]
[SourceQuality "1"]

1. e4 e6 2. d4 d5 3. Nc3 Nf6 4. Bg5 Be7 5. e5 Nfd7 6. Bxe7 Qxe7 7. f4 a6 8. Nf3 c5 9. Bd3 Nc6 10. dxc5 Nxc5 11. 0-0 h6 12. f5 Nxd3 13. Qxd3 Qc5+ 14. Kh1 b5 15. f6 gxf6 16. exf6 Bb7 17. Rae1 0-0-0 18. Ne2 Kb8 19. c3 e5 20. Qf5 Bc8 21. Qh5 Qd6 22. Qxf7 Rdf8 23. Qh5 Rxf6 24. Ng3 Rhf8 25. Ng1 e4 26. Rxf6 Rxf6 27. Rd1 Be6 28. Nxe4 Qf8 29. Nxf6 Qxf6 30. Nf3 Ka7 31. Re1 Bf5 32. Qe8 Be4 33. Rf1 Kb6 34. Qh5 Qg7 35. Nh4 Ne5 36. Kg1 b4 37. cxb4 Nd3 38. Rf7 Qd4+ 39. Kf1 Qxb4 40. Qxh6+ Ka5 41. Qe3 Qxb2 42. Nf3 Qa1+ 43. Ne1 Qd1 44. Rf6 Qxe1+ 45. Qxe1+ Nxe1 46. Kxe1 Bxg2 47. h4 Kb5 48. h5 a5 49. Kd2 Be4 50. Kc3 Ka4 51. Kb2 Kb4 52. h6 a4 53. a3+ Kc4 54. Ra6 Kb5 55. Ra7 d4 56. h7 Bxh7 57. Rxh7 d3 58. Kc3 d2 1-0

[Event "Sofia MGU op 192nd"]
[Site "Sofia"]
[Date "2017.10.08"]
[Round "6"]
[White "Ivanov, Oleg2222"]
[Black "Mladenov, Andrey"]
[Result "1-0"]
[WhiteElo "1523"]
[BlackElo "1593"]
[PlyCount "57"]
[EventDate "2017.10.07"]
[EventType "swiss"]
[EventRounds "6"]
[EventCountry "BUL"]
[SourceTitle "CBM 181 Extra"]
[Source "ChessBase"]
[SourceDate "2017.12.12"]
[SourceVersion "1"]
[SourceVersionDate "2017.12.12"]
[SourceQuality "1"]

1. e4 c5 2. Ne2 d5 3. exd5 Qxd5 4. Nbc3 Qd8 5. g3 Nf6 6. Bg2 e5 7. 0-0 Be7 8. d3 0-0 9. f4 Nbd7 10. f5 a6 11. Kh1 Qc7 12. Bg5 h6 13. Bh4 Rb8 14. Ne4 Re8 15. N2c3 Nxe4 16. Nd5 Qd8 17. Nxe7+ Rxe7 18. Bxe7 Nxg3+ 19. hxg3 Qxe7 20. c3 Nf6 21. Qe2 Ne8 22. d4 cxd4 23. cxd4 f6 24. dxe5 fxe5 25. Rae1 Nd6 26. Qxe5 Qxe5 27. Rxe5 Kf7 28. g4 Bd7 29. Rd1 1-0

[Event "Sofia MGU op 192nd"]
[Site "Sofia"]
[Date "2017.10.08"]
[Round "5"]
[White "Mladenov, Andrey"]
[Black "Babatov, Martin"]
[Result "0-1"]
[WhiteElo "1593"]
[BlackElo "1755"]
[PlyCount "42"]
[EventDate "2017.10.07"]
[EventType "swiss"]
[EventRounds "6"]
[EventCountry "BUL"]
[SourceTitle "CBM 181 Extra"]
[Source "ChessBase"]
[SourceDate "2017.12.12"]
[SourceVersion "1"]
[SourceVersionDate "2017.12.12"]
[SourceQuality "1"]

1. d4 c6 2. c4 d5 3. Nc3 Nf6 4. Nf3 e6 5. e3 Be7 6. Bd3 Nbd7 7. 0-0 0-0 8. e4 dxe4 9. Nxe4 Nxe4 10. Bxe4 Nf6 11. Bc2 b6 12. Ne5 Bb7 13. Qd3 c5 14. Be3 cxd4 15. Qxd4 Qxd4 16. Bxd4 Rfd8 17. Rad1 Rd6 18. c5 bxc5 19. Bxc5 Rxd1 20. Bxe7 Rxf1+ 21. Kxf1 Rc8 0-1

[Event "Sofia MGU op rapid 4th"]
[Site "Sofia"]
[Date "2017.09.22"]
[Round "5"]
[White "Galyov, Yanislav"]
[Black "Mladenov, Andrey"]
[Result "0-1"]
[WhiteElo "1831"]
[BlackElo "1558"]
[PlyCount "84"]
[EventDate "2017.09.22"]
[EventType "tourn (rapid)"]
[EventRounds "6"]
[EventCountry "BUL"]
[SourceTitle "EXT 2018"]
[Source "ChessBase"]
[SourceDate "2017.10.13"]
[SourceVersion "1"]
[SourceVersionDate "2017.10.13"]
[SourceQuality "1"]

1. d4 d5 2. Bf4 Nf6 3. Nc3 e6 4. Nf3 c6 5. a3 Be7 6. e3 0-0 7. Bd3 Nbd7 8. 0-0 c5 9. dxc5 Nxc5 10. Be2 a6 11. Bg5 Nce4 12. Nxe4 Nxe4 13. Bxe7 Qxe7 14. c4 dxc4 15. Bxc4 Bd7 16. Bd3 Nf6 17. Ne5 Rfd8 18. Qb1 Be8 19. Be4 Nxe4 20. Qxe4 f6 21. Nf3 Bc6 22. Qf4 e5 23. Qg3 Rd7 24. Nh4 Qe6 25. b4 Rd3 26. Nf3 Rad8 27. h3 Rb3 28. Rfc1 Rdd3 29. Ne1 Rdc3 30. Rxc3 Rxc3 31. Qh4 Qb3 32. Qg4 Kf7 33. Qh5+ Kg8 34. Qg4 h6 35. Qf5 Kf7 36. Qh5+ Kg8 37. Qf5 Qd5 38. Qc8+ Kf7 39. Qc7+ Kg6 40. Qe7 Qd2 41. h4 Rc1 42. h5+ Kh7 0-1

[Event "Sofia MGU op rapid 4th"]
[Site "Sofia"]
[Date "2017.09.22"]
[Round "1"]
[White "Mladenov, Andrey"]
[Black "Doykov, Stoycho"]
[Result "0-1"]
[WhiteElo "1558"]
[BlackElo "2015"]
[PlyCount "76"]
[EventDate "2017.09.22"]
[EventType "tourn (rapid)"]
[EventRounds "6"]
[EventCountry "BUL"]
[SourceTitle "EXT 2018"]
[Source "ChessBase"]
[SourceDate "2017.10.13"]
[SourceVersion "1"]
[SourceVersionDate "2017.10.13"]
[SourceQuality "1"]

1. e4 c5 2. Nf3 d6 3. d4 cxd4 4. Nxd4 Nc6 5. c4 Nf6 6. Nc3 e5 7. Nb3 Be7 8. Be2 0-0 9. 0-0 h6 10. f4 Bd7 11. f5 Na5 12. Nxa5 Qxa5 13. g4 Bc6 14. Qd3 a6 15. Bd2 Qc7 16. h4 b5 17. b3 Nh7 18. Rac1 Bxh4 19. f6 Bxf6 20. Rxf6 Nxf6 21. g5 hxg5 22. Bxg5 Nh7 23. Be3 Qe7 24. cxb5 Bxb5 25. Nxb5 axb5 26. Qxb5 Rxa2 27. Qd3 Qh4 28. Rf1 Nf6 29. Bf2 Qxe4 30. Qxe4 Nxe4 31. Bc4 Nxf2 32. Rxf2 Rxf2 33. Kxf2 Rb8 34. Ke3 Kf8 35. Ke4 Ke7 36. Kd5 Rc8 37. Ke4 Rxc4+ 38. bxc4 g6 0-1